000 002460000a22000970004500
100 1 _aRobb, John
245 1 0 _aThe power of people group thinking
300 _aVol. 15, Núm 51 (1988), Páginas 14-15
773 0 _tWorld Evangelization
942 _cANA
999 _c58096
_d58096